| 000 | 01007cab a2200277 4500 | ||
|---|---|---|---|
| 001 | ABS53958 | ||
| 008 | 090401t1995 xxu||||| |||| 00| 0 eng d | ||
| 035 | _a(Sirsi) u7652 | ||
| 041 | _aeng | ||
| 100 | _aCirell, S. | ||
| 245 | _aHow to get a fix on assets | ||
| 260 | _c1995 | ||
| 350 | _a0 | ||
| 490 |
_aInside Housing _v12(45) 17 November 1995, 14-15(2) |
||
| 520 | _aConsiders the definition of what a local authority asset is and how the `grey area` can reduce the amount of work subject to CCT. Includes the problem of location of services and in which areas of work (such as rent payment) the contractor needs to use existing sites. | ||
| 650 | _aASSETS | ||
| 650 | _aCAPITAL ACCOUNTING | ||
| 650 | _aCOMPULSORY COMPETITIVE TENDERING | ||
| 650 | _aLOCAL AUTHORITIES | ||
| 650 | _aLOCAL GOVERNMENT (DIRECT SERVICE ORGANSISATION)(COMPLETION) REGULATION | ||
| 650 | _aLOCAL GOVERNMENT | ||
| 690 | _aECONOMIC AND SOCIAL | ||
| 700 | _aBennett, J. | ||
| 942 | _n0 | ||
| 948 | _c04/03/1997 | ||
| 999 |
_c4651 _d4651 |
||